Cambridge international AS and A level mathematics mechanics 1
Saved in:
| Main Author: | |
|---|---|
| Format: | Book |
| Language: | English |
| Published: |
Cambridge University Press,
2016
|
| Tags: |
Add Tag
No Tags, Be the first to tag this record!
|
MARC
| LEADER | 00000nam a22000007a 4500 | ||
|---|---|---|---|
| 008 | 210419b ||||| |||| 00| 0 eng d | ||
| 020 | |a 978-1-316-60030-6 | ||
| 100 | |a QUADLING, Douglas | ||
| 245 | |a Cambridge international AS and A level mathematics |b mechanics 1 |c Douglas Quadling and Julian Gilbey. |g vii, 202p | ||
| 260 | |b Cambridge University Press, |c 2016 |h Cambridge |i 689448 |l QA807 .Qu2 |m Mechanics, Analytic. |m Gilbey, Julian. | ||
| 942 | |a lcc |c BK |e ADEKANYE, I. H. |f 19/04/2021 | ||
| 952 | |0 0 |1 0 |2 lcc |4 0 |6 QA0807 Q U2 |7 0 |9 2187 |a HOL |b HOL |c QZ |d 2021-04-19 |l 0 |o QA807 .Qu2 |p 2021-6041 |r 2021-04-19 00:00:00 |w 2021-04-19 |y BK | ||
| 999 | |c 1139 |d 1139 | ||